000 00879 a2200241 4500
005 20250411160732.0
020 _a0797410988
050 _aS631
_bWHI 1992
100 _aWhingwiri, E.E.
_eeditor
245 _aSmall-scale agriculture in Zimbabwe :
_bbook one, farming systems,policy and infrastructural development /
_cE. E. Whingwiri, M. Rukuni, K. Mashingaidze and C. M. Matanyaire
264 _aHarare :
_bRockwood Publishers,
_c1992
300 _a120 pages :
_billustrations (colour)
336 _2rdacontent
_atext
_btxt
337 _2rdamedia
_aunmediated
_bn
338 _2rdacarrier
_avolume
_bnc
500 _aIncludes index
650 _aAgriculture -- Small scale
_xZimbabwe
700 _aWhingwiri, E. E.
_eeditor
700 _aMatanyaire, C. M.
_eeditor
700 _aMashingaidze, K.
_eeditor
700 _aRukuni, Mandivamba
_eeditor
942 _2lcc
_cBK
_h631
_iWHI
_kS
999 _c5702
_d5702